[Event "Russian Blitz Championship (m)"]
[Site "Sochi"]
[Date "2022.10.14"]
[Round "8.7"]
[White "Smirnov, Pavel"]
[Black "Chigaev, Maksim"]
[Result "1-0"]
[BlackElo "2537"]
[WhiteElo "2467"]
[LiveChessVersion "1.4.8"]

1. d4 {[%clk 0:03:02]} Nf6 {[%clk 0:03:03]} 2. c4 {[%clk 0:03:03]} e6
{[%clk 0:03:04]} 3. Nf3 {[%clk 0:03:04]} d5 {[%clk 0:03:05]} 4. Nc3
{[%clk 0:03:05]} Be7 {[%clk 0:03:01]} 5. Bf4 {[%clk 0:03:05]} O-O
{[%clk 0:03:00]} 6. e3 {[%clk 0:03:06]} c5 {[%clk 0:03:01]} 7. dxc5
{[%clk 0:03:07]} Bxc5 {[%clk 0:03:01]} 8. Rc1 {[%clk 0:03:07]} Nc6
{[%clk 0:02:34]} 9. Be2 {[%clk 0:03:08]} dxc4 {[%clk 0:02:11]} 10. O-O
{[%clk 0:03:07]} a6 {[%clk 0:01:44]} 11. Bxc4 {[%clk 0:02:40]} Qe7
{[%clk 0:01:38]} 12. Bg5 {[%clk 0:02:35]} h6 {[%clk 0:01:30]} 13. Bh4
{[%clk 0:02:21]} g5 {[%clk 0:01:03]} 14. Nxg5 {[%clk 0:02:12]} hxg5
{[%clk 0:01:03]} 15. Bxg5 {[%clk 0:02:13]} Ne5 {[%clk 0:00:40]} 16. Ne4
{[%clk 0:02:09]} Nxe4 {[%clk 0:00:39]} 17. Bxe7 {[%clk 0:02:08]} Bxe7
{[%clk 0:00:40]} 18. Qd4 {[%clk 0:02:01]} Nxc4 {[%clk 0:00:41]} 19. Qxe4
{[%clk 0:01:52]} Nd6 {[%clk 0:00:42]} 20. Qg4+ {[%clk 0:01:38]} Kh7
{[%clk 0:00:16]} 21. Rfd1 {[%clk 0:01:17]} Nf5 {[%clk 0:00:08]} 22. Rc7
{[%clk 0:00:59]} Bf6 {[%clk 0:00:06]} 23. Qf4 {[%clk 0:00:50]} Bg7
{[%clk 0:00:04]} 24. g4 {[%clk 0:00:43]} Nh6 {[%clk 0:00:04]} 25. g5
{[%clk 0:00:44]} Nf5 {[%clk 0:00:05]} 26. h4 e5 27. Qe4 {[%clk 0:00:17]} Be6
{[%clk 0:00:08]} 28. h5 {[%clk 0:00:16]} Rad8 {[%clk 0:00:07]} 29. Rxd8
{[%clk 0:00:16]} Rxd8 {[%clk 0:00:09]} 30. h6 {[%clk 0:00:07]} Bh8
{[%clk 0:00:09]} 31. Qxb7 {[%clk 0:00:05]} Kg6 {[%clk 0:00:10]} 32. Rc6
{[%clk 0:00:05]} Kxg5 {[%clk 0:00:06]} 33. Rxe6 {[%clk 0:00:06]} fxe6
{[%clk 0:00:07]} 34. e4 {[%clk 0:00:08]} Nd6 {[%clk 0:00:05]} 35. Qe7+
{[%clk 0:00:05]} Bf6 {[%clk 0:00:06]} 36. Qxe6 {[%clk 0:00:06]} Nxe4
{[%clk 0:00:04]} 37. h7 {[%clk 0:00:07]} Rh8 {[%clk 0:00:05]} 38. Qg8+
{[%clk 0:00:07]} Kf4 {[%clk 0:00:06]} 39. Qg6 {[%clk 0:00:07]} Ng5
{[%clk 0:00:05]} 40. Qxf6+ {[%clk 0:00:08]} 1-0

[Event "Russian Blitz Championship (m)"]
[Site "Sochi"]
[Date "2022.10.14"]
[Round "8.8"]
[White "Savchenko, Boris"]
[Black "Ponkratov, Pavel"]
[Result "0-1"]
[BlackElo "2515"]
[WhiteElo "2530"]
[LiveChessVersion "1.4.8"]

1. c4 {[%clk 0:03:02]} e5 {[%clk 0:03:03]} 2. g3 {[%clk 0:03:02]} Nf6
{[%clk 0:03:04]} 3. Bg2 {[%clk 0:03:03]} d5 {[%clk 0:03:05]} 4. cxd5
{[%clk 0:03:03]} Nxd5 {[%clk 0:03:06]} 5. Nf3 {[%clk 0:03:04]} Nc6
{[%clk 0:03:07]} 6. O-O {[%clk 0:03:04]} Nb6 {[%clk 0:03:08]} 7. Nc3
{[%clk 0:03:04]} Be7 {[%clk 0:03:08]} 8. a3 {[%clk 0:03:04]} g5 {[%clk 0:03:07]}
9. b4 {[%clk 0:02:55]} g4 {[%clk 0:03:08]} 10. Ne1 {[%clk 0:02:55]} a5
{[%clk 0:03:09]} 11. b5 {[%clk 0:02:55]} Nd4 {[%clk 0:03:10]} 12. e3
{[%clk 0:02:53]} Nf5 {[%clk 0:03:08]} 13. Nc2 {[%clk 0:02:44]} h5
{[%clk 0:03:01]} 14. d4 {[%clk 0:02:44]} exd4 {[%clk 0:02:26]} 15. exd4
{[%clk 0:02:43]} Bf6 {[%clk 0:02:26]} 16. Ne4 {[%clk 0:02:40]} Be6
{[%clk 0:02:22]} 17. Nxf6+ {[%clk 0:02:33]} Qxf6 {[%clk 0:02:22]} 18. Bf4
{[%clk 0:02:33]} O-O {[%clk 0:01:57]} 19. Ne3 {[%clk 0:01:52]} Nxd4
{[%clk 0:01:51]} 20. Bxc7 {[%clk 0:01:50]} Bb3 {[%clk 0:01:46]} 21. Qd3
{[%clk 0:01:49]} Na4 {[%clk 0:01:18]} 22. Rac1 {[%clk 0:01:38]} b6
{[%clk 0:01:10]} 23. Bxa8 {[%clk 0:01:14]} Rxa8 {[%clk 0:01:10]} 24. Qe4
{[%clk 0:01:14]} Rf8 {[%clk 0:01:01]} 25. Kg2 {[%clk 0:00:56]} Nc5
{[%clk 0:00:57]} 26. Qf4 {[%clk 0:00:53]} Qg7 {[%clk 0:00:32]} 27. Be5
{[%clk 0:00:39]} Nde6 {[%clk 0:00:32]} 28. Bxg7 {[%clk 0:00:22]} Nxf4+
{[%clk 0:00:33]} 29. gxf4 {[%clk 0:00:23]} Kxg7 {[%clk 0:00:34]} 30. Rc3
{[%clk 0:00:16]} a4 {[%clk 0:00:35]} 31. Nf5+ {[%clk 0:00:16]} Kf6
{[%clk 0:00:35]} 32. Nd4 {[%clk 0:00:09]} Bd5+ {[%clk 0:00:35]} 33. Kg1
{[%clk 0:00:09]} Rd8 {[%clk 0:00:36]} 34. Nc6 {[%clk 0:00:09]} Bxc6
{[%clk 0:00:35]} 35. bxc6 Rc8 36. Rb1 {[%clk 0:00:10]} Rxc6 {[%clk 0:00:37]} 37.
Kg2 {[%clk 0:00:10]} Kf5 {[%clk 0:00:38]} 38. Rb4 {[%clk 0:00:11]} h4
{[%clk 0:00:39]} 39. h3 {[%clk 0:00:11]} g3 {[%clk 0:00:35]} 40. fxg3
{[%clk 0:00:11]} hxg3 {[%clk 0:00:36]} 41. Rxa4 {[%clk 0:00:11]} Rd6
{[%clk 0:00:32]} 42. Rb4 {[%clk 0:00:07]} Rd2+ {[%clk 0:00:33]} 43. Kf3
{[%clk 0:00:08]} g2 {[%clk 0:00:33]} 44. Rb1 {[%clk 0:00:08]} Ne4
{[%clk 0:00:33]} 45. Rcb3 {[%clk 0:00:04]} Rf2+ {[%clk 0:00:33]} 46. Ke3
{[%clk 0:00:06]} Rf1 {[%clk 0:00:35]} 47. Rb5+ {[%clk 0:00:07]} Kg6
{[%clk 0:00:35]} 48. Rxb6+ {[%clk 0:00:06]} f6 {[%clk 0:00:37]} 49. f5+
{[%clk 0:00:06]} Kxf5 {[%clk 0:00:36]} 50. R6b5+ {[%clk 0:00:05]} Kg6
{[%clk 0:00:38]} 51. Ke2 {[%clk 0:00:04]} Nc3+ {[%clk 0:00:36]} 0-1

[Event "Russian Blitz Championship (m)"]
[Site "Sochi"]
[Date "2022.10.14"]
[Round "8.9"]
[White "Tsydypov, Zhamsaran"]
[Black "Makarian, Rudik"]
[Result "1-0"]
[BlackElo "2405"]
[WhiteElo "2598"]
[LiveChessVersion "1.4.8"]

1. e4 {[%clk 0:03:02]} e5 {[%clk 0:03:02]} 2. Nf3 {[%clk 0:03:02]} Nc6
{[%clk 0:03:03]} 3. Bc4 {[%clk 0:03:03]} Nf6 {[%clk 0:03:03]} 4. d3
{[%clk 0:03:04]} h6 {[%clk 0:03:03]} 5. Nbd2 {[%clk 0:03:00]} Bc5
{[%clk 0:03:02]} 6. c3 {[%clk 0:02:59]} d6 {[%clk 0:03:02]} 7. O-O
{[%clk 0:02:58]} a5 {[%clk 0:03:02]} 8. Re1 {[%clk 0:02:53]} O-O {[%clk 0:02:58]}
9. h3 {[%clk 0:02:40]} Bb6 {[%clk 0:02:56]} 10. Bb3 {[%clk 0:02:36]} Be6
{[%clk 0:02:56]} 11. Nc4 {[%clk 0:02:32]} Ba7 {[%clk 0:02:35]} 12. a4
{[%clk 0:02:32]} Re8 {[%clk 0:02:26]} 13. Ne3 {[%clk 0:02:20]} Qd7
{[%clk 0:02:10]} 14. Bxe6 {[%clk 0:02:09]} fxe6 {[%clk 0:02:11]} 15. Qb3
{[%clk 0:02:06]} Kh7 {[%clk 0:02:08]} 16. Bd2 {[%clk 0:02:04]} Rf8
{[%clk 0:02:06]} 17. Rad1 {[%clk 0:01:59]} Nh5 {[%clk 0:02:04]} 18. Ng4
{[%clk 0:01:59]} Bb6 {[%clk 0:02:01]} 19. Qc2 {[%clk 0:01:55]} Rxf3
{[%clk 0:01:50]} 20. gxf3 {[%clk 0:01:56]} Rf8 {[%clk 0:01:51]} 21. d4
{[%clk 0:01:53]} Rxf3 {[%clk 0:01:26]} 22. Kg2 {[%clk 0:01:45]} Qf7
{[%clk 0:01:11]} 23. Be3 {[%clk 0:01:43]} Rxh3 {[%clk 0:00:53]} 24. Kxh3
{[%clk 0:01:22]} Qf3+ {[%clk 0:00:55]} 25. Kh4 {[%clk 0:01:24]} Ne7
{[%clk 0:00:31]} 26. Rh1 {[%clk 0:01:25]} Nf6 {[%clk 0:00:05]} 27. Nxf6+
{[%clk 0:01:22]} gxf6 {[%clk 0:00:06]} 28. Rhg1 {[%clk 0:01:15]} c6
{[%clk 0:00:04]} 29. Rg3 {[%clk 0:01:12]} Ng6+ {[%clk 0:00:04]} 30. Kh3
{[%clk 0:00:59]} Qh5+ {[%clk 0:00:05]} 31. Kg2 {[%clk 0:01:00]} exd4
{[%clk 0:00:03]} 32. Rh1 {[%clk 0:00:44]} Nh4+ {[%clk 0:00:03]} 33. Rxh4
{[%clk 0:00:45]} Qxh4 {[%clk 0:00:04]} 34. cxd4 {[%clk 0:00:46]} e5
{[%clk 0:00:05]} 35. Qb3 {[%clk 0:00:40]} Qxe4+ {[%clk 0:00:05]} 36. f3
{[%clk 0:00:41]} 1-0

[Event "Russian Blitz Championship (m)"]
[Site "Sochi"]
[Date "2022.10.14"]
[Round "8.10"]
[White "Gontcharov, Vladislav"]
[Black "Kukhmazov, Arsen"]
[Result "1/2-1/2"]
[BlackElo "2395"]
[WhiteElo "2488"]
[LiveChessVersion "1.4.8"]

1. d4 {[%clk 0:03:02]} Nf6 {[%clk 0:03:03]} 2. c4 {[%clk 0:03:03]} e6
{[%clk 0:03:05]} 3. Nc3 {[%clk 0:03:04]} Bb4 {[%clk 0:03:06]} 4. e3
{[%clk 0:03:05]} O-O {[%clk 0:03:05]} 5. Bd3 {[%clk 0:03:06]} d5 {[%clk 0:03:06]}
6. Nf3 {[%clk 0:02:56]} dxc4 {[%clk 0:03:07]} 7. Bxc4 {[%clk 0:02:57]} c5
{[%clk 0:03:08]} 8. O-O {[%clk 0:02:57]} cxd4 {[%clk 0:03:09]} 9. exd4
{[%clk 0:02:58]} b6 {[%clk 0:03:10]} 10. Qe2 {[%clk 0:02:40]} Bb7
{[%clk 0:03:11]} 11. Rd1 {[%clk 0:02:39]} Nbd7 {[%clk 0:02:12]} 12. Bg5
{[%clk 0:02:32]} Bxc3 {[%clk 0:02:08]} 13. bxc3 {[%clk 0:02:33]} Qc7
{[%clk 0:02:09]} 14. Rac1 {[%clk 0:01:59]} Ne4 {[%clk 0:01:59]} 15. Be7
{[%clk 0:01:34]} Rfe8 {[%clk 0:01:41]} 16. Bb4 {[%clk 0:01:33]} a5
{[%clk 0:01:24]} 17. Ba3 {[%clk 0:01:32]} Ndf6 {[%clk 0:00:26]} 18. Ne5
{[%clk 0:01:15]} Nd6 {[%clk 0:00:26]} 19. Bd3 {[%clk 0:01:10]} Be4
{[%clk 0:00:27]} 20. Bxd6 {[%clk 0:01:06]} Bxd3 {[%clk 0:00:28]} 21. Bxc7
{[%clk 0:01:03]} Bxe2 {[%clk 0:00:30]} 22. Re1 {[%clk 0:01:03]} Ba6
{[%clk 0:00:21]} 23. Bxb6 {[%clk 0:01:03]} Nd5 {[%clk 0:00:18]} 24. Bc5
{[%clk 0:01:01]} f6 {[%clk 0:00:18]} 25. Nf3 {[%clk 0:00:49]} Nf4
{[%clk 0:00:13]} 26. Rb1 {[%clk 0:00:30]} Bc4 {[%clk 0:00:12]} 27. a3 Bd5
{[%clk 0:00:13]} 28. Rb6 {[%clk 0:00:19]} Nd3 {[%clk 0:00:10]} 29. Reb1
{[%clk 0:00:16]} Rec8 {[%clk 0:00:08]} 30. Nd2 {[%clk 0:00:12]} Nxc5
{[%clk 0:00:09]} 31. dxc5 {[%clk 0:00:13]} Rxc5 {[%clk 0:00:10]} 32. c4
{[%clk 0:00:13]} Bxc4 {[%clk 0:00:08]} 33. Nxc4 {[%clk 0:00:11]} Rxc4
{[%clk 0:00:09]} 34. Rxe6 {[%clk 0:00:10]} Rac8 {[%clk 0:00:10]} 35. g3
{[%clk 0:00:06]} Rc1+ {[%clk 0:00:11]} 36. Rxc1 {[%clk 0:00:07]} Rxc1+
{[%clk 0:00:12]} 37. Kg2 {[%clk 0:00:09]} Rc3 {[%clk 0:00:14]} 38. Re3
{[%clk 0:00:06]} Rc5 {[%clk 0:00:07]} 1/2-1/2

[Event "Russian Blitz Championship (m)"]
[Site "Sochi"]
[Date "2022.10.14"]
[Round "8.11"]
[White "Triapishko, Alexandr"]
[Black "Grebnev, Aleksey"]
[Result "1-0"]
[BlackElo "2377"]
[WhiteElo "2479"]
[LiveChessVersion "1.4.8"]

1. d4 {[%clk 0:03:02]} Nf6 {[%clk 0:03:03]} 2. c4 {[%clk 0:03:03]} e6
{[%clk 0:03:04]} 3. Nf3 {[%clk 0:03:04]} d5 {[%clk 0:03:05]} 4. Nc3
{[%clk 0:03:05]} Bb4 {[%clk 0:03:07]} 5. Qa4+ {[%clk 0:03:05]} Nc6
{[%clk 0:03:08]} 6. a3 {[%clk 0:03:07]} Bxc3+ {[%clk 0:03:06]} 7. bxc3
{[%clk 0:03:08]} Ne4 {[%clk 0:03:07]} 8. Bf4 {[%clk 0:03:01]} Nxc3
{[%clk 0:03:04]} 9. Qc2 {[%clk 0:03:01]} Ne4 {[%clk 0:03:05]} 10. e3
{[%clk 0:03:02]} h6 {[%clk 0:02:58]} 11. Bd3 {[%clk 0:02:55]} Nd6
{[%clk 0:02:56]} 12. c5 {[%clk 0:02:22]} Nc4 {[%clk 0:02:57]} 13. Bxc4
{[%clk 0:02:02]} dxc4 {[%clk 0:02:57]} 14. Qxc4 {[%clk 0:02:02]} Bd7
{[%clk 0:02:51]} 15. O-O {[%clk 0:01:51]} O-O {[%clk 0:02:50]} 16. Rfc1
{[%clk 0:01:36]} b6 {[%clk 0:02:42]} 17. Ne5 {[%clk 0:01:14]} Nxe5
{[%clk 0:02:01]} 18. Bxe5 {[%clk 0:01:14]} b5 {[%clk 0:02:02]} 19. Qe2
{[%clk 0:00:48]} f6 {[%clk 0:01:37]} 20. Bf4 {[%clk 0:00:37]} Bc6
{[%clk 0:01:36]} 21. Qg4 {[%clk 0:00:38]} f5 {[%clk 0:00:48]} 22. Qg3
{[%clk 0:00:37]} Qd5 {[%clk 0:00:34]} 23. f3 {[%clk 0:00:30]} Kh7
{[%clk 0:00:25]} 24. Bxc7 {[%clk 0:00:28]} Rf7 {[%clk 0:00:25]} 25. Qd6
{[%clk 0:00:19]} Rc8 {[%clk 0:00:20]} 26. Qxd5 {[%clk 0:00:20]} Bxd5
{[%clk 0:00:21]} 27. Be5 {[%clk 0:00:18]} Rb7 {[%clk 0:00:20]} 28. Rab1
{[%clk 0:00:14]} a5 {[%clk 0:00:19]} 29. Rb2 {[%clk 0:00:10]} b4 {[%clk 0:00:19]}
30. axb4 {[%clk 0:00:11]} axb4 {[%clk 0:00:20]} 31. Ra1 {[%clk 0:00:05]} b3
{[%clk 0:00:18]} 32. h4 {[%clk 0:00:06]} Kg6 {[%clk 0:00:14]} 33. Kf2
{[%clk 0:00:07]} Rd8 {[%clk 0:00:08]} 34. Ra6 {[%clk 0:00:07]} Rc8
{[%clk 0:00:05]} 35. Kg3 {[%clk 0:00:07]} Kf7 {[%clk 0:00:05]} 36. Kf4
{[%clk 0:00:07]} g6 {[%clk 0:00:06]} 37. e4 {[%clk 0:00:06]} Bc4 {[%clk 0:00:04]}
38. Rb6 {[%clk 0:00:05]} Rd7 {[%clk 0:00:03]} 39. c6 {[%clk 0:00:05]} Ra7
{[%clk 0:00:04]} 40. Rb7+ {[%clk 0:00:06]} 1-0

[Event "Russian Blitz Championship (m)"]
[Site "Sochi"]
[Date "2022.10.14"]
[Round "8.12"]
[White "Khubukshanov, Erdem"]
[Black "Rozum, Ivan"]
[Result "1-0"]
[BlackElo "2428"]
[WhiteElo "2377"]
[LiveChessVersion "1.4.8"]

1. e4 {[%clk 0:03:03]} c5 {[%clk 0:03:03]} 2. Nf3 {[%clk 0:03:03]} d6
{[%clk 0:03:04]} 3. Bb5+ {[%clk 0:03:01]} Nd7 {[%clk 0:03:05]} 4. Ba4
{[%clk 0:03:01]} Ngf6 {[%clk 0:03:02]} 5. O-O {[%clk 0:03:01]} e6
{[%clk 0:02:51]} 6. Re1 {[%clk 0:03:01]} Be7 {[%clk 0:02:51]} 7. c3
{[%clk 0:03:01]} a6 {[%clk 0:02:33]} 8. d4 {[%clk 0:03:01]} b5 {[%clk 0:02:34]}
9. Bc2 {[%clk 0:03:01]} Bb7 {[%clk 0:02:33]} 10. Nbd2 {[%clk 0:02:58]} O-O
{[%clk 0:02:33]} 11. a4 {[%clk 0:02:57]} Qb6 {[%clk 0:02:30]} 12. Nf1
{[%clk 0:02:49]} Rfc8 {[%clk 0:02:27]} 13. Ng3 {[%clk 0:02:46]} Nf8
{[%clk 0:02:07]} 14. e5 {[%clk 0:02:12]} dxe5 {[%clk 0:02:05]} 15. dxe5
{[%clk 0:02:13]} N6d7 {[%clk 0:01:56]} 16. h4 {[%clk 0:02:08]} Qc7
{[%clk 0:01:55]} 17. Bf4 {[%clk 0:01:54]} Rd8 {[%clk 0:01:44]} 18. Qe2
{[%clk 0:01:52]} c4 {[%clk 0:01:44]} 19. h5 {[%clk 0:01:50]} Nc5 {[%clk 0:01:43]}
20. Nd4 {[%clk 0:01:50]} b4 {[%clk 0:01:39]} 21. Qxc4 {[%clk 0:01:37]} bxc3
{[%clk 0:01:29]} 22. b4 {[%clk 0:01:33]} Qd7 {[%clk 0:01:10]} 23. Red1
{[%clk 0:01:27]} Bd5 {[%clk 0:01:03]} 24. Qxc3 {[%clk 0:01:22]} Nb7
{[%clk 0:01:01]} 25. Ne4 {[%clk 0:01:10]} Rac8 {[%clk 0:01:00]} 26. Qb2
{[%clk 0:01:11]} Rc4 {[%clk 0:00:57]} 27. b5 {[%clk 0:00:34]} axb5
{[%clk 0:00:45]} 28. Nxb5 {[%clk 0:00:32]} Qc6 {[%clk 0:00:41]} 29. Nbc3
{[%clk 0:00:22]} Rc8 {[%clk 0:00:27]} 30. Nxd5 {[%clk 0:00:18]} exd5
{[%clk 0:00:26]} 31. Bb3 {[%clk 0:00:16]} Rxe4 {[%clk 0:00:11]} 32. Bxd5
{[%clk 0:00:16]} Re1+ {[%clk 0:00:10]} 33. Rxe1 {[%clk 0:00:16]} Qxd5
{[%clk 0:00:12]} 34. Red1 {[%clk 0:00:17]} Qe4 {[%clk 0:00:12]} 35. Rd4
{[%clk 0:00:17]} Qc6 {[%clk 0:00:10]} 36. Rc1 {[%clk 0:00:18]} Qe8
{[%clk 0:00:10]} 37. Qxb7 {[%clk 0:00:18]} Rxc1+ {[%clk 0:00:10]} 38. Bxc1
{[%clk 0:00:19]} Ne6 {[%clk 0:00:11]} 39. Rc4 {[%clk 0:00:19]} Bf8
{[%clk 0:00:10]} 40. a5 {[%clk 0:00:18]} Nc5 {[%clk 0:00:10]} 41. Qd5
{[%clk 0:00:18]} Qb5 {[%clk 0:00:11]} 42. Be3 {[%clk 0:00:19]} Qb1+
{[%clk 0:00:11]} 43. Kh2 {[%clk 0:00:20]} Ne6 {[%clk 0:00:11]} 44. a6
{[%clk 0:00:19]} Qf5 {[%clk 0:00:11]} 45. h6 {[%clk 0:00:17]} Qh5+
{[%clk 0:00:10]} 46. Kg1 {[%clk 0:00:18]} Qe2 {[%clk 0:00:05]} 47. a7
{[%clk 0:00:19]} Qe1+ {[%clk 0:00:05]} 48. Kh2 {[%clk 0:00:20]} 1-0

[Event "Russian Blitz Championship (m)"]
[Site "Sochi"]
[Date "2022.10.14"]
[Round "8.13"]
[White "Obgolts, Erik"]
[Black "Oganian, Miran"]
[Result "1-0"]
[BlackElo "2339"]
[WhiteElo "2407"]
[LiveChessVersion "1.4.8"]

1. e4 {[%clk 0:03:02]} c5 {[%clk 0:03:03]} 2. Nf3 {[%clk 0:03:03]} e6
{[%clk 0:03:04]} 3. c3 {[%clk 0:02:51]} Nf6 {[%clk 0:03:04]} 4. e5
{[%clk 0:02:51]} Nd5 {[%clk 0:03:05]} 5. d4 {[%clk 0:02:50]} cxd4
{[%clk 0:03:06]} 6. cxd4 {[%clk 0:02:51]} Nc6 {[%clk 0:03:07]} 7. Bc4
{[%clk 0:02:46]} d6 {[%clk 0:03:08]} 8. O-O {[%clk 0:02:45]} Be7 {[%clk 0:03:09]}
9. Qe2 {[%clk 0:02:46]} O-O {[%clk 0:03:09]} 10. Rd1 {[%clk 0:02:45]} Na5
{[%clk 0:03:06]} 11. Bd3 {[%clk 0:02:43]} Nb4 {[%clk 0:03:05]} 12. Nc3
{[%clk 0:02:38]} Nxd3 {[%clk 0:03:03]} 13. Rxd3 {[%clk 0:02:38]} b6
{[%clk 0:02:41]} 14. b4 {[%clk 0:02:39]} Nc6 {[%clk 0:02:02]} 15. a3
{[%clk 0:02:30]} Bb7 {[%clk 0:01:31]} 16. Bf4 {[%clk 0:02:08]} Re8
{[%clk 0:00:45]} 17. Qe3 {[%clk 0:01:58]} Bf8 {[%clk 0:00:37]} 18. Ne4
{[%clk 0:01:46]} d5 {[%clk 0:00:06]} 19. Ng3 {[%clk 0:01:44]} Ne7
{[%clk 0:00:07]} 20. h4 {[%clk 0:01:33]} Ba6 {[%clk 0:00:09]} 21. Rc3
{[%clk 0:01:25]} Rc8 {[%clk 0:00:10]} 22. Rac1 {[%clk 0:01:27]} Qd7
{[%clk 0:00:09]} 23. h5 {[%clk 0:01:27]} Rxc3 {[%clk 0:00:11]} 24. Rxc3
{[%clk 0:01:29]} Rc8 {[%clk 0:00:11]} 25. h6 {[%clk 0:01:29]} g6 {[%clk 0:00:07]}
26. Bg5 {[%clk 0:01:24]} Nf5 {[%clk 0:00:05]} 27. Nxf5 {[%clk 0:01:25]} exf5
{[%clk 0:00:06]} 28. Kh2 {[%clk 0:00:44]} Bc4 {[%clk 0:00:07]} 29. Bf6
{[%clk 0:00:43]} a5 {[%clk 0:00:08]} 30. bxa5 {[%clk 0:00:43]} bxa5
{[%clk 0:00:10]} 31. Qg5 {[%clk 0:00:40]} Qe6 {[%clk 0:00:10]} 32. Qh4
{[%clk 0:00:37]} a4 {[%clk 0:00:07]} 33. Re3 {[%clk 0:00:36]} Qd7
{[%clk 0:00:04]} 34. Ng5 {[%clk 0:00:25]} Re8 {[%clk 0:00:06]} 35. Rg3
{[%clk 0:00:20]} Bb3 {[%clk 0:00:04]} 36. e6 {[%clk 0:00:09]} fxe6
{[%clk 0:00:04]} 37. Nf3 {[%clk 0:00:10]} Bd6 {[%clk 0:00:04]} 38. Ne5
{[%clk 0:00:10]} Qc7 {[%clk 0:00:03]} 39. f4 {[%clk 0:00:11]} Rf8
{[%clk 0:00:04]} 40. Nxg6 {[%clk 0:00:10]} Kf7 {[%clk 0:00:03]} 41. Ne5+
{[%clk 0:00:09]} Bxe5 {[%clk 0:00:03]} 42. Bxe5 {[%clk 0:00:08]} Qc6
{[%clk 0:00:03]} 43. Rg7+ {[%clk 0:00:08]} Ke8 {[%clk 0:00:04]} 44. Qe7#
{[%clk 0:00:10]} 1-0

[Event "Russian Blitz Championship (m)"]
[Site "Sochi"]
[Date "2022.10.14"]
[Round "8.14"]
[White "Kezin, Roman"]
[Black "Dragomarezkij, Evgeni"]
[Result "1-0"]
[BlackElo "2283"]
[WhiteElo "2503"]
[LiveChessVersion "1.4.8"]

1. d4 {[%clk 0:03:04]} d5 {[%clk 0:03:03]} 2. c4 {[%clk 0:03:05]} dxc4
{[%clk 0:03:04]} 3. e3 {[%clk 0:03:06]} e6 {[%clk 0:03:04]} 4. Bxc4
{[%clk 0:03:06]} c5 {[%clk 0:03:05]} 5. Nf3 {[%clk 0:03:07]} cxd4
{[%clk 0:03:06]} 6. exd4 {[%clk 0:03:07]} Nf6 {[%clk 0:03:07]} 7. O-O
{[%clk 0:03:05]} Be7 {[%clk 0:03:08]} 8. Nc3 {[%clk 0:02:56]} O-O
{[%clk 0:03:09]} 9. Re1 {[%clk 0:02:55]} Nbd7 {[%clk 0:03:10]} 10. Qd3
{[%clk 0:02:18]} Nb6 {[%clk 0:03:09]} 11. Bb3 {[%clk 0:02:19]} Bd7
{[%clk 0:03:10]} 12. Ne5 {[%clk 0:02:18]} Bc6 {[%clk 0:03:11]} 13. a3
{[%clk 0:01:42]} Nbd5 {[%clk 0:03:11]} 14. Bc2 {[%clk 0:01:37]} Rc8
{[%clk 0:03:05]} 15. Bg5 {[%clk 0:01:32]} g6 {[%clk 0:03:02]} 16. Bh6
{[%clk 0:01:16]} Re8 {[%clk 0:03:03]} 17. Qh3 {[%clk 0:00:52]} Qd6
{[%clk 0:03:00]} 18. Rad1 {[%clk 0:00:48]} Bf8 {[%clk 0:02:27]} 19. Bg5
{[%clk 0:00:12]} Bg7 {[%clk 0:02:27]} 20. Qh4 {[%clk 0:00:08]} Nh5
{[%clk 0:01:59]} 21. Ne4 {[%clk 0:00:08]} Qc7 {[%clk 0:01:57]} 22. Bd2
{[%clk 0:00:04]} Qd8 {[%clk 0:01:40]} 23. Qxd8 {[%clk 0:00:05]} Rexd8
{[%clk 0:01:39]} 24. Bb3 {[%clk 0:00:04]} Nhf6 {[%clk 0:01:18]} 25. Ng5
{[%clk 0:00:04]} Be8 {[%clk 0:01:17]} 26. Rc1 {[%clk 0:00:05]} h6
{[%clk 0:01:11]} 27. Ngf3 {[%clk 0:00:06]} Bb5 {[%clk 0:01:08]} 28. h3
{[%clk 0:00:04]} a6 {[%clk 0:01:00]} 29. Ba5 {[%clk 0:00:04]} Re8
{[%clk 0:00:57]} 30. Bd2 {[%clk 0:00:04]} Bf8 {[%clk 0:00:44]} 31. a4
{[%clk 0:00:05]} Bc6 {[%clk 0:00:41]} 32. Nxc6 {[%clk 0:00:05]} Rxc6
{[%clk 0:00:39]} 33. Rxc6 {[%clk 0:00:04]} bxc6 {[%clk 0:00:40]} 34. Bc4
{[%clk 0:00:06]} Bb4 {[%clk 0:00:30]} 35. Bxa6 {[%clk 0:00:04]} Bxd2
{[%clk 0:00:28]} 36. Nxd2 {[%clk 0:00:05]} Ra8 {[%clk 0:00:30]} 37. Bb7
{[%clk 0:00:06]} Rxa4 {[%clk 0:00:31]} 38. Bxc6 {[%clk 0:00:05]} Rxd4
{[%clk 0:00:32]} 39. Nf3 {[%clk 0:00:04]} Rb4 {[%clk 0:00:32]} 40. Re2
{[%clk 0:00:05]} Ne7 {[%clk 0:00:30]} 41. Ne5 {[%clk 0:00:03]} Nxc6
{[%clk 0:00:26]} 42. Nxc6 {[%clk 0:00:04]} Rb6 {[%clk 0:00:26]} 43. Ne5
{[%clk 0:00:04]} Nd5 {[%clk 0:00:25]} 44. g3 Rb3 {[%clk 0:00:23]} 45. Nc4
{[%clk 0:00:05]} Kg7 {[%clk 0:00:21]} 46. Kg2 {[%clk 0:00:04]} g5
{[%clk 0:00:18]} 47. Rd2 {[%clk 0:00:04]} h5 {[%clk 0:00:16]} 48. Ne5
{[%clk 0:00:03]} h4 {[%clk 0:00:14]} 49. Nf3 {[%clk 0:00:04]} hxg3
{[%clk 0:00:13]} 50. fxg3 {[%clk 0:00:04]} f6 {[%clk 0:00:14]} 51. Kf2
{[%clk 0:00:04]} Kg6 {[%clk 0:00:15]} 52. Nd4 {[%clk 0:00:05]} Kf7
{[%clk 0:00:10]} 53. Nxb3 {[%clk 0:00:05]} 1-0